00363nam a2200133Ia 4500008004100000020001800041041000800059082001700067100003500084245002700119250000600146260006500152300001200217210716s2015 xx 000 0 und d a9789352131686 aeng a004.607 PEHA aPehlivanian, Ara; Nguyen, Don. aJump start javascript. a1 aNew DelhibShroff Publishers and Distributors Pvt Ltdc2015 axvi,167